| 000 | 00455nam a22001817a 4500 | ||
|---|---|---|---|
| 003 | CEME | ||
| 005 | 20210628204024.0 | ||
| 008 | 210105b xxu||||| |||| 00| 0 eng d | ||
| 020 | _a9780387686066 | ||
| 040 | _cceme | ||
| 082 | _a46405 | ||
| 100 |
_aDiniz, Paulo S.R _968295 |
||
| 245 | _aAdaptive filtering, algorithms and practical implementation | ||
| 250 | _a3RD | ||
| 260 |
_aBRAZIL _bSPRINGER _c2008 |
||
| 300 | _aXXIV, 627P | ||
| 942 |
_cBK _2ddc |
||
| 999 |
_c575899 _d575899 |
||